| 000 | 00571nam a2200181Ia 4500 | ||
|---|---|---|---|
| 999 |
_c14773 _d14773 |
||
| 003 | OSt | ||
| 005 | 20201021094036.0 | ||
| 008 | 190216s9999||||xx |||||||||||||| ||und|| | ||
| 020 | _a9780199539734 | ||
| 040 | _coclc | ||
| 082 |
_a880.900103 _bHOW/C |
||
| 100 |
_aHowatson, M C _95414 |
||
| 245 | 0 |
_aThe Concise Oxford Companion To Classical Literature / _cM C Howatson ; Ian Chilvers |
|
| 260 |
_bOxford University Press , _c2010. _aNew Delhi: |
||
| 300 | _a568p | ||
| 650 | _aEnglish | ||
| 942 |
_cBK _2ddc _h880.900103 _iHOW/C _k880.900103 _mHOW/C |
||